| 000 | 01223nam a22002777a 4500 | ||
|---|---|---|---|
| 005 | 20101206113148.0 | ||
| 008 | 101206t xxu||||| |||| 00| 0 hin d | ||
| 010 | _aHIN-91791 | ||
| 020 |
_c115.00 _a9788191030990 |
||
| 035 | _aHN-64137 | ||
| 037 | _bDBAD/PUB | ||
| 040 |
_aDPL _bHN |
||
| 082 | _a821 | ||
| 100 |
_924598 _aत्यागी, साधना |
||
| 245 |
_aबिखरती-संवरती जिन्द़गी / _cसाधना त्यागी |
||
| 246 |
_aBikharati-sawarati jindgi _bsadhana tyagi |
||
| 260 |
_aदिल्ली _bयश पब्लिकेशन्स _c2010 |
||
| 270 |
_a1/11848 पंचशील गार्डन, नवीन शाहदरा _bदिल्ली _e110032 _kमो.09899828223 ,09899938622 _myash-publication@hotmail.com |
||
| 300 |
_a168पृ _c22सेमी (सजिल्द) |
||
| 650 |
_91169 _aहिन्दी कविता |
||
| 650 |
_925727 _aHindi Poetry |
||
| 700 | _924599 | ||
| 700 | _925390 | ||
| 942 |
_2ddc _cHN _mपाण्डेय _h821 |
||
| 999 |
_c50347 _d50347 |
||